Loading...
| Mythology | 0 | 6 | 3 | 0 | 45 | 31 | 78.50 | 1 | 2 | 23.17 | 39.02 |
| Literature - British | 0 | 3 | 0 | 1 | 30 | 133 | 143.00 | 0 | 0 | 0.29 | 7.50 |
| Fine Arts - Other | 0 | 3 | 0 | 1 | 30 | 94 | 112.33 | 0 | 0 | 3.98 | 16.14 |
| Fine Arts - Painting and Sculpture | 0 | 3 | 1 | 0 | 25 | 90 | 104.33 | 0 | 0 | 4.61 | 15.83 |
| Religion | 0 | 2 | 0 | 0 | 20 | 107 | 112.00 | 0 | 0 | 2.65 | 7.73 |
| Other Academic | 0 | 1 | 0 | 1 | 10 | 125 | 125.00 | 0 | 0 | 0.00 | 4.17 |
| Science - Biology | 0 | 1 | 0 | 0 | 10 | 92 | 92.00 | 0 | 0 | 1.32 | 1.67 |
| Science - Chemistry | 0 | 1 | 0 | 0 | 10 | 73 | 73.00 | 0 | 1 | 3.76 | 7.50 |
| History - American | 0 | 1 | 0 | 0 | 10 | 57 | 57.00 | 0 | 1 | 5.17 | 8.33 |
| History - European | 0 | 1 | 0 | 0 | 10 | 49 | 49.00 | 1 | 1 | 6.17 | 9.09 |
| History - World | 0 | 1 | 0 | 0 | 10 | 115 | 115.00 | 0 | 0 | 1.29 | 3.33 |
| Literature - European | 0 | 1 | 0 | 0 | 10 | 125 | 125.00 | 0 | 0 | 1.01 | 3.33 |
| Philosophy | 0 | 0 | 1 | 0 | -5 | 0.00 | 0 | 0 | 0.00 | 0.00 |